00361nam a2200145Ia 4500003000500000008004100005020001800046040001900064082000700083100002000090245005400110260003100164300000800195546001200203STCL181203s9999 xx 000 0 und d a9789382127000 aSTCLbENcSTCL 222 aAhluwalia, V.K. 0aGreen Chemistry: Environmentally Benign Reactions bAne BooksaNew Delhic2015 a312 aEnglish